000 00580nam a2200193Ia 4500
005 20260120124622.0
008 008 260114s9999 xx 000 0 eng d
020 _a9780762313013
037 _aEBOOK
040 _aCRL
_beng
_cCRL
041 _aeng
_2eng
084 _qCRL
245 0 _aExperiments Investigating Fundraising and Charitable Contributors
260 _bEmerald Publishing
_c2006
700 _aR. Mark Isaac
_9908466
856 _uhttps://www.emerald.com/insight/publication/doi/10.1016/S0193-2306(2006)11
942 _cEBOOK
999 _c1500359
_d1500359